LEADER 01125nam a2200265 4500 001 000000346424 003 CaOOAMICUS 005 20210630122430.0 008 210604s2017 it a 000 u ita r 020 $a978-88-8075-453-4 040 $aSeMil$bita 100 1 $aPassarelli, Gaetano.$0(OLS)http://semarc/name/7590 245 10$aPadre Giuseppe Marrazzo :$bsacerdote rogazionista /$cGaetano Passarelli. 264 1$aRoma :$bLibreria editrice Rogate,$c2017. 300 $a96 p., [11] carte di tav. :$bill. ;$c21 cm 541 0 $aOmaggio mons. Mario Delpini (3G II 539) 600 14$aMarrazzo, Giuseppe .$0(OLS)http://semarc/subject/50477 850 $aSeMil 852 $aSeMil$W1$xVenegono$y1$m3G II 539$j227314$B237489$CSeMilBibl$Z2$F237489 $81 941 1 $a7 961 $aOmaggio mons. Mario Delpini 996 $6020$a978-88-8075-453-4$9(OLS)http://semarc/number/293389 996 $6245$aPadre Giuseppe Marrazzo :$bsacerdote rogazionista$9(OLS)http://semarc/title/435615 996 $6264$aRoma :$bLibreria editrice Rogate$9(OLS)http://semarc/publisher/59888 LEADER 00715naa a2200145 i 4500 001 000000302023 003 CaOOAMICUS 005 20180831172733.0 008 180831n xx u000 u und u 013 $a9756 040 $aSeMil$bita 100 1 $aEsquerda Bifet, Juan,$c.$0(OLS)http://semarc/name/16704 245 10$aCuestiones sobre la distribución del clero ; Boletín bibliográfic :$bAldecoa, 1971. (Teología del Sacerdocio ; 3). 773 0 $tSacerdote ministro de la Iglesia.$dBurgos : Aldecoa, 1971.$kTeología del sacerdocio$w()59131 996 $6245$aCuestiones sobre la distribución del clero ; Boletín bibliográfic :$bAldecoa, 1971. (Teología del Sacerdocio ; 3).$9(OLS)http://semarc/title/378006 LEADER 00999nam a2200205 i 4500 001 000000229854 003 CaOOAMICUS 005 20260409091036.0 008 140520s1771 it u000 u ita u 013 $a208756 026 $ao.ia i.oi o.e- loch (3) 1771 (R) 040 $aSeMil$bita 245 10$aTomo 2. 300 $a226, [2], VII, [1] p. 500 $aSegn.: A-2E4 2F2 [chi]4. 773 0 $aPicquigny, Bernardin : de <1633-1707>$tDichiarazione letterale delle pistole di S. Paolo con una breve ma utile comentazione estratta dall'opera della triplice esposizione del M.R.P. Bernardino de Picquigny teologo cappuccino e in due tomi compilata. Tomo 1. [-2.].$dGenova : Nella Stamperia d'Adamo Scionico sulla Piazza di S. Lorenzo : appresso Ivone Gravier librajo sotto la Loggia di Banchi, 1771.$g2$w()29922 850 $aSeMil 852 $aSeMil$W1$xVenegono$y1$m2V IV 49 FA$j180200$B180200$CSeMilBibl$Z2$F191262 $8I 996 $6245$aTomo 2$9(OLS)http://semarc/title/49331